| 000 -LEADER |
| fixed length control field |
01747cam a22003974a 4500 |
| 001 - CONTROL NUMBER |
| control field |
14841938 |
| 003 - CONTROL NUMBER IDENTIFIER |
| control field |
NUST |
| 005 - DATE AND TIME OF LATEST TRANSACTION |
| control field |
20170621102646.0 |
| 008 - FIXED-LENGTH DATA ELEMENTS--GENERAL INFORMATION |
| fixed length control field |
070503s2007 dcua b 001 0 eng |
| 010 ## - LIBRARY OF CONGRESS CONTROL NUMBER |
| LC control number |
2007018796 |
| 016 7# - NATIONAL BIBLIOGRAPHIC AGENCY CONTROL NUMBER |
| Record control number |
101306347 |
| Source |
DNLM |
| 020 ## - INTERNATIONAL STANDARD BOOK NUMBER |
| International Standard Book Number |
9781555812232 |
| 020 ## - INTERNATIONAL STANDARD BOOK NUMBER |
| International Standard Book Number |
1555812236 |
| 035 ## - SYSTEM CONTROL NUMBER |
| System control number |
(OCoLC)ocn124164032 |
| 035 ## - SYSTEM CONTROL NUMBER |
| System control number |
(OCoLC)124164032 |
| Canceled/invalid control number |
(OCoLC)144223828 |
| 040 ## - CATALOGING SOURCE |
| Original cataloging agency |
DNLM/DLC |
| Transcribing agency |
DLC |
| Modifying agency |
NLM |
| -- |
BAKER |
| -- |
BTCTA |
| -- |
YDX |
| -- |
C#P |
| -- |
YDXCP |
| -- |
DLC |
| 042 ## - AUTHENTICATION CODE |
| Authentication code |
pcc |
| 050 00 - LIBRARY OF CONGRESS CALL NUMBER |
| Classification number |
QR65 |
| Item number |
.M26 2007 |
| 060 10 - NATIONAL LIBRARY OF MEDICINE CALL NUMBER |
| Classification number |
QW 25 |
| Item number |
M59 2007 |
| 082 00 - DEWEY DECIMAL CLASSIFICATION NUMBER |
| Classification number |
616.9201078 RED |
| Edition number |
22 |
| 245 00 - TITLE STATEMENT |
| Title |
Methods for general and molecular microbiology / |
| Statement of responsibility, etc. |
C.A. Reddy, editor in chief ; T.J. Beveridge ... [et al.], Editors. |
| 250 ## - EDITION STATEMENT |
| Edition statement |
3rd ed. |
| 260 ## - PUBLICATION, DISTRIBUTION, ETC. |
| Place of publication, distribution, etc. |
Washington, D.C. : |
| Name of publisher, distributor, etc. |
ASM Press, |
| Date of publication, distribution, etc. |
c2007. |
| 300 ## - PHYSICAL DESCRIPTION |
| Extent |
xix, 1069 p. : |
| Other physical details |
ill. (some col.) ; |
| Dimensions |
29 cm. |
| 500 ## - GENERAL NOTE |
| General note |
Rev. ed of: Methods for general and molecular bacteriology / Philipp Gerhardt, editor-in-chief ; R.G.E. Murray, Willis A. Wood, Noel R. Krieg, [editors]. c1994. |
| 501 ## - WITH NOTE |
| With note |
H.B |
| 504 ## - BIBLIOGRAPHY, ETC. NOTE |
| Bibliography, etc. note |
Includes bibliographical references and indexes. |
| 650 #0 - SUBJECT ADDED ENTRY--TOPICAL TERM |
| Topical term or geographic name entry element |
Bacteriology |
| Form subdivision |
Laboratory manuals. |
| 9 (RLIN) |
2991 |
| 650 #0 - SUBJECT ADDED ENTRY--TOPICAL TERM |
| Topical term or geographic name entry element |
Microbiology |
| Form subdivision |
Laboratory manuals. |
| 9 (RLIN) |
2681 |
| 650 12 - SUBJECT ADDED ENTRY--TOPICAL TERM |
| Topical term or geographic name entry element |
Microbiological Techniques. |
| 9 (RLIN) |
2721 |
| 650 22 - SUBJECT ADDED ENTRY--TOPICAL TERM |
| Topical term or geographic name entry element |
Molecular Biology |
| General subdivision |
methods. |
| 9 (RLIN) |
2561 |
| 700 1# - ADDED ENTRY--PERSONAL NAME |
| Personal name |
Reddy, C. A. |
| 9 (RLIN) |
2992 |
| 730 0# - ADDED ENTRY--UNIFORM TITLE |
| Uniform title |
Methods for general and molecular bacteriology. |
| 9 (RLIN) |
2993 |
| 856 41 - ELECTRONIC LOCATION AND ACCESS |
| Materials specified |
Table of contents only |
| Uniform Resource Identifier |
<a href="http://www.loc.gov/catdir/toc/ecip0717/2007018796.html">http://www.loc.gov/catdir/toc/ecip0717/2007018796.html</a> |
| 906 ## - LOCAL DATA ELEMENT F, LDF (RLIN) |
| a |
7 |
| b |
cbc |
| c |
orignew |
| d |
1 |
| e |
ecip |
| f |
20 |
| g |
y-gencatlg |
| 942 ## - ADDED ENTRY ELEMENTS (KOHA) |
| Source of classification or shelving scheme |
|
| Koha item type |
Book |
| Call number prefix |
IESE |